000 00527nam a2200181 a 4500
005 20140310183355.0
008 120912s19uu xx 00 eng d
020 _a9780521718165
050 _aP 94
_b.W37 2011
100 _aWard, Stephen J.A
245 _aEthics and the media :
_ban introduction.
_cStephen J.A Ward
260 _aUK :
_bCambridge University Press,
_c2011.
300 _avii, 290 p.
_c25 cm.
521 _aMC
650 _aMass media
_xmoral and ethical aspects
942 _cBK
_2lcc
_kFOR
999 _c22198
_d22198